01033cam a2200265 4500001000900000003000900009005001700018008004100035015001200076017005300088020001800141035002100159040004400180041000800224100001800232245014900250260003400399300005600433500004100489650005800530650006400588650004000652650003000692700004500722a4398992Co-BoUCM20191105091231.0191105s2017 sp a | |||| 000 0 spa d aMON0812 aB 22459-2008bOficina Depósito Legal Barcelona a9788484434160 a(OCoLC)434322062 aCo-BoUCMbspacSaul NiñodSaul Niño0 aspa1 aCorpas, Jaime10aSocios 1, curso de español orientado al mundo del trabajobLibro de ejercicios : A1, A2pCuaderno de ejercicioscJaime Corpas, Lola Martínez aBarcelonabDifusiónc[2017] a198 páginasbilustracionese1 CD (Disco compacto) a[En cubierta] Cuaderno de ejercicios 0aEspañol comercialxLibros de texto para extranjeros 0aLengua españolaxEnseñanzavProblemas, ejercicios, etc. 7aEspañol xEstudiantes extranjeros 7aLingüística aplicada 1 aMartínez, LolaqMartínez Rodríguez